Country by Emojis: South Asia and Asia-Pacific - Statistics

General Stats
  • This quiz has been taken 68 times
  • The average score is 13 of 20
Answer Stats
Picture Answer % Correct
Australia
88%
South Korea
88%
China
86%
India
83%
North Korea
83%
Nepal
81%
Japan
78%
New Zealand
73%
Vietnam
71%
Indonesia
61%
The Philippines
61%
Pakistan
58%
Bhutan
56%
Cambodia
53%
Taiwan
53%
Thailand
53%
Malaysia
47%
Mongolia
46%
Fiji
44%
Sri Lanka
42%
No matching quizzes found
Score Distribution
Percent of People with Each Score
Percentile by Number Answered
Your Score History
You have not taken this quiz